| 000 | 00774nam a22001937a 4500 | ||
|---|---|---|---|
| 999 |
_c16453 _d16453 |
||
| 003 | AR-CdUCM | ||
| 008 | 190225b ||||| |||| 00| 0 spa d | ||
| 040 |
_aMUNICIPALIDAD PROVINCIAL DEL CUSCO _cBIBLIOTECA MUNICIPAL DEL CUSCO |
||
| 082 |
_a591.38 / _bG32 |
||
| 100 |
_aGaylord Simpson, George. _935905 |
||
| 245 |
_aEvolución y geografía : _bHistoria de la fauna de América latina / |
||
| 260 |
_bEudeba., _c1964. _aBuenos Aires : |
||
| 300 |
_a87 paginas ; _c25 cm. |
||
| 505 | _aContenido :Evolución y geografía -- Historia de la fauna en América Latina -- Aislamiento y migración -- Los viejos saltadores de isla -- El papel de América central ... | ||
| 650 |
_aEvolución. _97012 |
||
| 650 |
_aSiglo XX. _98 |
||
| 942 |
_2ddc _cLIBROS |
||
| 945 |
_arum _d2019-05-03 |
||